00844nam a22001217a 4500008004100000020001800041050002300059245010800082260004200190300001800232505044400250650002800694150114s2011 mx ||||| |||| 00| 0 spa d a978607170929504aLC3965 bF363 201113aDeterminación de las necesidades educativas especialesc/ Concepción Fernández Azcorra...[et al.] aMéxicob: Editorial Trillasc, 2011 a286 páginas aLas necesidades educativas especiales (NEE) La evaluación psicopedagógica (EPP) Respuestas educativas a la NEE Discapacidad auditiva Discapacidad intelectual Discapacidad motora (DMo) Dificultades de aprendizaje Alteraciones en la competencia comunicativa Transtorno por déficit de atención con hiperactividad (TDAH) Capacidades sobresalientes Actividades y apoyos para dar respuesta a las NEE de los alumnos con o sin discapacidad10aEDUCACIÓN ESPECIAL